Electricity and Magnetism (Record no. 6612)
[ view plain ]
| 000 -LEADER | |
|---|---|
| fixed length control field | 00436nam a2200169Ia 4500 |
| 008 - FIXED-LENGTH DATA ELEMENTS--GENERAL INFORMATION | |
| fixed length control field | 230711s9999||||xx |||||||||||||| ||und|| |
| 020 ## - INTERNATIONAL STANDARD BOOK NUMBER | |
| International Standard Book Number | 978-81-224-3958-8 |
| 041 ## - LANGUAGE CODE | |
| Language code of text/sound track or separate title | ENG |
| 082 ## - DEWEY DECIMAL CLASSIFICATION NUMBER | |
| Classification number | 537 |
| Item number | CH-E |
| 100 ## - MAIN ENTRY--PERSONAL NAME | |
| Personal name | Chakraborty,Prantosh |
| 245 #0 - TITLE STATEMENT | |
| Title | Electricity and Magnetism |
| 250 ## - EDITION STATEMENT | |
| Edition statement | 2nd Ed. |
| 260 ## - PUBLICATION, DISTRIBUTION, ETC. | |
| Date of publication, distribution, etc. | 2016 |
| Place of publication, distribution, etc. | New Delhi |
| Name of publisher, distributor, etc. | New Age International Publishers |
| 300 ## - PHYSICAL DESCRIPTION | |
| Extent | 452p. |
| 650 ## - SUBJECT ADDED ENTRY--TOPICAL TERM | |
| Topical term or geographic name entry element | Electronics Engineering |
| 942 ## - ADDED ENTRY ELEMENTS (KOHA) | |
| Koha item type | Book |
| Withdrawn status | Lost status | Damaged status | Not for loan | Collection | Home library | Current library | Date acquired | Source of acquisition | Cost, normal purchase price | Inventory number | Total checkouts | Full call number | Barcode | Date last seen | Price effective from | Koha item type | Date last checked out |
|---|---|---|---|---|---|---|---|---|---|---|---|---|---|---|---|---|---|
| MRSPTU Central Library | MRSPTU Central Library | 08/04/2043 | Krishna Book Distributors | 350.00 | KBD/2017-2018/1019043059 | 537 CH-E | 39266 | 08/17/2023 | 08/17/2023 | Book | |||||||
| MRSPTU Central Library | MRSPTU Central Library | 08/04/2043 | Krishna Book Distributors | 350.00 | KBD/2017-2018/1019043059 | 537 CH-E | 39267 | 08/17/2023 | 08/17/2023 | Book | |||||||
| MRSPTU Central Library | MRSPTU Central Library | 08/04/2043 | Krishna Book Distributors | 350.00 | KBD/2017-2018/1019043059 | 537 CH-E | 39268 | 08/17/2023 | 08/17/2023 | Book | |||||||
| MRSPTU Central Library | MRSPTU Central Library | 08/04/2043 | Krishna Book Distributors | 350.00 | KBD/2017-2018/1019043059 | 2 | 537 CH-E | 39269 | 05/05/2025 | 08/17/2023 | Book | 04/15/2025 | |||||
| MRSPTU Central Library | MRSPTU Central Library | 08/04/2043 | Krishna Book Distributors | 350.00 | KBD/2017-2018/1019043059 | 1 | 537 CH-E | 39270 | 02/17/2026 | 08/17/2023 | Book | 01/27/2026 |
